000 00313nam a2200133Ia 4500
008 231129s1975||||xx |||||||||||||| ||spa||
040 _bspa
082 _a615.7883 L118m
100 _aLabin Suzanne
245 0 _aEl mundo de los drogados
260 _c1975
264 _aCirculo de Lectores
942 _2ddc
_cBKS
999 _c11783
_d11783